Porta 88 Obzretie za festivalom trampskej, folkovej a country piesne

Bibliographic Details
Main Author: Neužil, V. (Author)
Format: Article
Language:Slovak
Subjects:

MARC

LEADER 00000nab a2200000 a 4500
001 vtls000326484
003 SK-MaSNL
005 20260302225929.0
008 111201c1988 xo 0 slo
015 |a SNBRB19rr/mm-uuuuu 
035 |a CL0326606 
040 |a SNKBUCL  |b slo  |c SNKBUCL  |e AACR2 
041 0 |a slo 
044 |a xo  |c SK 
080 |a 78.091.4:784.66  |2 1981 
080 |a 784.66  |2 1981 
100 1 |a Neužil, V.  |4 aut  |9 923115 
245 1 0 |a Porta 88  |b Obzretie za festivalom trampskej, folkovej a country piesne  |c V. Neužil 
650 0 7 |a Porta Bohemica 1988, Plzeň (festival hudobný)  |2 snkbucl  |9 958902 
651 7 |a 3405  |2 snkbucl  |9 922061 
655 7 |a články z novín a časopisov  |2 snkbucl  |9 267496 
773 0 |t Práca  |g Roč. 43, č. 165 (15. 7. 1988), s. 6 
850 |a Slovenská národná knižnica v Martine  |a MTA001 
852 |a SNK  |b KIS3GCP 
958 |a RK 
992 |a RBX 
999 |c 1531397  |d 1533327